| 000 | 00640nam a22001937a 4500 | ||
|---|---|---|---|
| 005 | 20170825153155.0 | ||
| 010 | _aENG-120133 | ||
| 020 |
_c150.00 _a9789380695495 |
||
| 035 | _aEN-103665 | ||
| 037 | _bDBAD/PUB | ||
| 082 | _a181.49 | ||
| 100 | _aBhoomananda Tirtha, Swami | ||
| 245 |
_aScience of inner redemption : _cby Swami Bhoomananda Tirtha _bbased on yoga-vasistha, nirvana prakarana / |
||
| 260 |
_aThrissur(Kerala) _bNarayanashrama Tapovanam _c2016 |
||
| 270 |
_aVenginissery, P.O. Paralam _bThrissur(Kerala) _e680563 |
||
| 300 |
_axxiv,195p. _c21cm(pbk) |
||
| 505 | _aVol.2 | ||
| 942 |
_2ddc _cEN _h181.49 _mBHO |
||
| 999 |
_c143846 _d143846 |
||